Statystyki dla Drużyny Orlen Basket Ligi i 1 Ligi Koszykówki 2023/24

Kliknij tutaj aby rozwiązać quiz!

Ogólne statystyki

  • Ten quiz został rozwiązany 56 razy
  • Średni wynik to 16 z 34

Statystyki odpowiedzi

Orlen Basket Liga% Poprawnych
Anwil Włocławek
93%
WKS Śląsk Wrocław
85%
Legia Warszawa
83%
Arriva Polski Cukier Toruń
75%
Trefl Sopot
75%
Dziki Warszawa
73%
King Szczecin
70%
Krajowa Grupa Spożywcza Arka Gdynia
65%
Muszynianka Domelo Sokół Łańcut
65%
Icon Sea Czarni Słupsk
63%
Polski Cukier Start Lublin
60%
Enea Stelmet Zastal Zielona Góra
58%
MKS Dąbrowa Górnicza
58%
Enea Abramczyk Astoria Bydgoszcz
55%
PGE Spójnia Stargard
53%
Tauron GTK Gliwice
53%
Arged BM Stal Ostrów Wielkopolski
48%
Miasto Szkła Krosno
43%
Górnik Zamek Książ Wałbrzych
40%
GKS Tychy
38%
AZS AGH Kraków
35%
KKS Polonia Warszawa
33%
MKS Mana.lake Sokół Marbo Międzychód
30%
Sensation Kotwica Port Morski Kołobrzeg
30%
Decka Pelplin
28%
HydroTruck Radom
28%
WKK Active Hotel Wrocław
28%
Niedźwiadki Chemart Przemyśl
23%
WKS Śląsk II Wrocław
23%
Enea Basket Poznań
18%
MKKS Żak Koszalin
18%
SKS Fulimpex Starogard Gdański
15%
AZS AWF Mickiewicz Romus Katowice
13%
Weegree AZS Politechnika Opolska
13%

Rozkład punktacji

Percentyl według liczby udzielonych odpowiedzi

Procent ludzi z każdym wynikiem

Twoja historia wyników

Nie rozwiązałeś tego quizu